| 000 | 00552nam a22001697a 4500 | ||
|---|---|---|---|
| 999 |
_c526074 _d526074 |
||
| 003 | NUST | ||
| 020 | _qHardcover. | ||
| 038 | _aMr. Zahoor | ||
| 082 | _a624.1 | ||
| 100 |
_aSiraj ud Din _917038 |
||
| 245 |
_aBio - inspired self - healing cementitious Mortar using bacillus subtilis immobilized on nano/micro additives / _cSiraj ud Din |
||
| 260 |
_aIslamabad : _bSCEE - NUST, _c2018. |
||
| 300 |
_ax, 46 p, : ill. ; _c30cm. |
||
| 650 |
_aStructural Engineering - MS Thesis _917039 |
||
| 700 |
_aDr. Rao Arsalan Khushnood _917040 |
||
| 942 |
_2ddc _cTHE |
||